000 00770nam a22002297a 4500
005 20100731152331.0
010 _aENG-97502
020 _a8172112874
_c600.00
020 _a9788172112875
_c600.00
035 _aEN-81035
037 _bDBAD/ PUB
082 _a485
245 _aMoral language /
_cedited by Debika Saha [and] Laxmikanta Padhi
260 _aNew Delhi
_bNorthern Book Centre
_c2010
270 _a4221/1 Ansari Road, Darya Ganj
_bNew Delhi
_e110002
_k23252651
300 _axx,155p.
_c22 cm (Hb)
500 _aIncludes index
700 _cSaha, Debika
_93578
700 _cPadhi,Laxmikanta
_93579
942 _2ddc
_cEN
_h485
_mSAH
999 _c38465
_d38465